000 00497nam a2200169Ia 4500
003 GCL
008 140319s9999 xx 000 0 ara d
040 _aGCL /
_cGCL
082 0 4 _aد
_b050
100 1 _aعلى عبدالجليل راضى
245 1 0 _aالعالم سنه 2000 ( اقرا 93 ) /
_cعلى عبدالجليل راضى
300 _a175 ص
490 _aوثائق ونصوص
_v0
650 0 4 _aالعالم
650 0 4 _aالقرن الحادى والعشرين
942 _2ddc
_cCF
999 _c27308
_d27308